Taylor Swift - Paroles All Too Well 10min Version partie 2 - Statistiques

Statistiques générales
  • Ce quiz a été pris 746 fois
    716 depuis la dernière actualisation
  • Le résultat moyen est 411 sur 490
Statistiques - réponses
Hint Réponse % Correct
a
97%
A
97%
I
97%
we
97%
to
96%
you
96%
You
96%
you,
96%
all
94%
it
94%
It
94%
well
94%
well,
94%
well?
94%
And
93%
and
93%
The
93%
the
93%
too
93%
too?
93%
was
92%
do
91%
my
91%
remember
91%
be
90%
but
90%
But
90%
in
90%
me,
90%
me
90%
there
90%
there,
90%
who
90%
your
90%
he
89%
so
89%
when
89%
I’m
88%
I'm
88%
love
88%
like
87%
old
87%
on
87%
jokes
86%
jokes,
86%
of
86%
then
86%
again
85%
age
85%
age"
85%
'Cause
85%
Refrain ‘Cause
85%
"It’s
85%
it's
85%
never
85%
that
85%
time
85%
Couplet 5 Time
85%
as
84%
by
84%
ever
84%
first
84%
get
84%
self
84%
stil
84%
I'd
83%
made
83%
scarf
83%
what
83%
are
82%
at
82%
from
82%
From
82%
fun
82%
rare,
82%
said
82%
turning
82%
twenty-one"
82%
loved
81%
supposed
81%
with
81%
won't
81%
dad
80%
fly,
80%
maybe
80%
own
80%
thing
80%
were
80%
who’s
80%
back
79%
Back
79%
good
79%
had
79%
keep
79%
show
79%
telling
79%
very
79%
die
78%
find
78%
night,
78%
punch
78%
she?
78%
smells
78%
stay
78%
still
78%
walk
78%
week
78%
alone
77%
door
77%
goes
77%
have
77%
home
77%
line
77%
lost
77%
lovers
77%
older,
77%
That's
77%
been
76%
closer
76%
did
76%
her
76%
idea
76%
if
76%
Just
76%
(Just
76%
Some
76%
trying
76%
us,
76%
us),
76%
want
76%
would
76%
you’re
76%
before
75%
happened,
75%
one
75%
real
75%
reminds
75%
soldier
75%
watch
75%
actress
74%
between
74%
coffee
74%
come
74%
fine
74%
front
74%
innocence
74%
late-night
74%
returning
74%
snow
74%
After
73%
blue?
73%
can't
73%
Down
73%
fall
73%
mind
73%
Now
73%
you’ve
73%
charmed
72%
Every
72%
half
72%
reflects
72%
rid
72%
say
72%
stairs,
72%
affair
71%
bones
71%
hair,
71%
Hell
71%
"I’ll
71%
jewel
71%
known
71%
new
71%
shine
71%
skin
71%
Wind
71%
party
70%
things
70%
asking
69%
paint
69%
twin
69%
Sipping
68%
Couplet 4 They
68%
days
66%
ends
66%
this
66%
weight
66%
bathroom
65%
double-cross
65%
fell
65%
mail
65%
willing
65%
paralyzed
64%
watched
64%
all’s
63%
cold
63%
yeah
62%
broke
60%
Brooklyn
60%
how
60%
flames
57%
maim
57%
city’s
56%
nights
56%
self-effacing
56%
whose
55%
bruise
54%
prayer,
49%
glistened
46%
never-needy,
44%
shirt
44%
Sacred
42%
ever-lovely
40%
Not
39%
plaid
38%
barren
36%
weeping
34%
Aucun quiz correspondant
Distribution des résultats
% des personnes avec chaque résultat
Percentile par nombre de réponses
Votre historique - résultats
Vous n’avez pas pris ce quiz depuis la dernière actualisation